| 000 | 00868nam a2200241 a 4500 | ||
|---|---|---|---|
| 001 | 40947 | ||
| 003 | BD-RjUL | ||
| 005 | 20211209053313.0 | ||
| 008 | 160512b ii ||||| |||| 00| f ben d | ||
| 020 | _cIRs. 4.00 | ||
| 035 | _a(BD-RjUL)41063 | ||
| 040 |
_aBD-RjUL _bben _cBD-RjUL |
||
| 041 | _aben | ||
| 082 |
_223 _a891.443 _bBAA |
||
| 100 |
_aবন্দ্যোপাধ্যায়,বিভূতিভূষণ _9126036 |
||
| 245 | 1 | 0 |
_aআদর্শ হিন্দু-হোটেল / _cবিভূতিভূষণ বন্দ্যোপাধ্যায় |
| 250 | _a৩য় সং. | ||
| 260 |
_aকলিকাতা : _bমিত্র ও ঘোষ |
||
| 300 |
_a[২], ২২৮ পৃ. ; _c১৮ সেমি. |
||
| 650 |
_aবাংলা উপন্যাস _9126037 |
||
| 650 |
_aBengali Fiction _9126038 |
||
| 942 |
_2ddc _cBK |
||
| 999 |
_c40947 _d40947 |
||